Transformaciones en las normas sociales de la Unin̤ Europea

Bibliographic Details
Main Author: Gr̀ate Castro, Javier
Format: eBook
Language:Spanish
Published: Madrid : Editorial Universitaria Ramn̤ Areces, 2010
Subjects:
Online Access:http://www.vlex.com/source/6938

MARC

LEADER 00000nam a22000007a 4500
005 20130425180134.0
007 cr|||| ||||
008 130425e2010 sp |||||s|||| 00||0 spa d
020 |a 978-84-8004-992-4 
035 |a 6938 
040 |a vLex 
090 |c 4174  |d 4174 
100 1 0 |a Gr̀ate Castro, Javier  
245 1 0 |a Transformaciones en las normas sociales de la Unin̤ Europea  |c / Javier Gr̀ate Castro   |h [Recurso electrn̤ico] 
256 |a Servicio en ln̕ea 
260 |a Madrid :  |b Editorial Universitaria Ramn̤ Areces,   |c 2010 
300 |a 1 Recurso electrn̤ico 
506 |d vLex Global  |d vLex Global (Academic Edition, excluding Law Schools)  |d vLex Global (U.S. Academic Edition, Law Schools)  |d vLex Global (U.S. Academic Edition, excluding Law Schools)  |d vLex Global (Academic Edition, Law Schools) 
650 4 |a Derecho comunitario 
650 4 |a Derecho laboral y Seguridad Social  |z Europa 
740 |a vLex Libros (Servicio en ln̕ea) 
856 |a Acceso restringido  |u http://www.vlex.com/source/6938 
942 |c BOOK 
999 0 |a European Union